Iraq
| Main Author: | |
|---|---|
| Other Authors: | |
| Format: | Book |
| Published: |
Philadelphia :
Mason Crest Publishers ,
2004
|
| Series: | Modern Middle East nations and their strategic place in the world
|
| Subjects: |
MARC
| LEADER | 00000cam a2200000 7i4500 | ||
|---|---|---|---|
| 001 | 0000014270 | ||
| 005 | 20080402.0 | ||
| 008 | 080319 | ||
| 020 | |a 1590845080 | ||
| 090 | 0 | 0 | |a 956.7 |b THO |
| 100 | 1 | |a Thompson, William | |
| 245 | 1 | 0 | |a Iraq |c Bill and Dorcas Thompson |
| 260 | |a Philadelphia : |b Mason Crest Publishers , |c 2004 | ||
| 440 | |a Modern Middle East nations and their strategic place in the world | ||
| 650 | 0 | |a Iraq |x Juvenile literature | |
| 700 | 1 | |a Thompson, Dorcas | |
| 999 | |a 0001016814 |b Book |c REFERENCE |e Perbadanan Perpustakaan Awam Johor | ||